| 000 | 00409nam a2200169 a 4500 | ||
|---|---|---|---|
| 003 | a | ||
| 005 | 20250415153655.0 | ||
| 008 | 100920s19uu xx 00 eng d | ||
| 050 |
_aFIC _bWrii946 2007 |
||
| 082 |
_aFIC _bWrii946 2007 |
||
| 100 | _aL'Engle, Madeleine | ||
| 245 | _aA wrinkle in time. | ||
| 260 |
_aNew York : _bRandom House, _c1986. |
||
| 942 |
_2ddc _cBK |
||
| 999 |
_c110687 _d110687 |
||